[Event "DEM U12w 2018"]
[Site "Willingen GER"]
[Date "2018.05.21"]
[Round "4"]
[White "Pohle, Saskia"]
[Black "Prinzen, Siri Marleen"]
[Result "1-0"]
[Termination "normal"]
[Board "10"]
[WhiteElo "1611"]
[BlackElo "1227"]
[PlyCount "113"]
[WhiteFideId "16201604"]
[BlackFideId "16265912"]
[EventCountry "GER"]
[EventRounds "11"]
[EventType "swiss"]
[EventDate "2018.05.19"]

1. e4 e5 2. Nf3 Nc6 3. d4 exd4 4. Bc4 Bc5 5. c3 Nf6 6. e5 d5 7. Bb5 Ne4 8. cxd4
Bb4+ 9. Bd2 Nxd2 10. Bxc6+ bxc6 11. Nbxd2 Bg4 12. Qa4 Bxd2+ 13. Nxd2 Bd7 14.
Qc2 O-O 15. O-O Qg5 16. f4 Qe7 17. Nb3 f6 18. Qc5 Qxc5 19. Nxc5 Bf5 20. Rac1
20... Rab8 {(=)} 21. b3 Rfc8 22. h3 Rb4 23. Rfd1 23... fxe5 {(=)} 24. fxe5 Kf7
25. g4 Bg6 26. Kf2 Ke7 27. Ke3 Be8 28. Rf1 Bf7 29. Rf2 Rf8 30. Rcf1 Rbb8 31. e6
Bg6 32. Rxf8 Rxf8 33. Rxf8 Kxf8 34. Kf4 Ke7 35. Ke5 Be4 36. Na6 36... Bg2 {(=)}
37. Nb8 c5 38. Nc6+ Ke8 39. dxc5 d4 40. Nxd4 Bxh3 41. g5 Bg2 42. Nb5 c6 43.
Nc7+ Ke7 44. Na6 h5 45. gxh6 gxh6 46. Nb4 h5 47. Nc2 h4 48. Nd4 h3 49. Nf5+ Ke8
50. Kf6 50... h2 {(=)} 51. Nd6+ Kd8 52. e7+ Kc7 53. e8=Q Bh3 54. Qa8 Bd7 55.
Qb7+ Kd8 56. Qb8+ Bc8 57. Qxc8# 1-0

[Event "DEM U12w 2018"]
[Site "Willingen GER"]
[Date "2018.05.21"]
[Round "4"]
[White "Feige, Adelina"]
[Black "Adelmeyer, Nelly"]
[Result "0-1"]
[Termination "normal"]
[Board "11"]
[WhiteElo "1166"]
[BlackElo "1416"]
[PlyCount "46"]
[WhiteFideId "16265955"]
[BlackFideId "16203577"]
[EventCountry "GER"]
[EventRounds "11"]
[EventType "swiss"]
[EventDate "2018.05.19"]

1. d4 d5 2. c4 e6 3. Nc3 Nf6 4. cxd5 exd5 5. Bg5 Be7 6. Nf3 O-O 7. e3 Bg4 8. h3
Bf5 9. Bd3 Bxd3 10. Qxd3 Nbd7 11. Ne5 c6 12. Qf5 Nxe5 13. dxe5 Nd7 14. Bf4 Nc5
15. Rd1 Qc8 16. Qc2 Qe6 17. a3 Nd7 18. e4 d4 19. Rxd4 Nxe5 20. Bxe5 Qxe5 21.
Rd7 Rab8 22. O-O Bd6 23. Qb3 Qh2# 0-1

[Event "DEM U12w 2018"]
[Site "Willingen GER"]
[Date "2018.05.21"]
[Round "4"]
[White "Wimmer, Katharina"]
[Black "Sinner, Joselyne"]
[Result "0-1"]
[Termination "normal"]
[Board "14"]
[WhiteElo "1169"]
[BlackElo "1541"]
[PlyCount "68"]
[WhiteFideId "16265947"]
[BlackFideId "16210387"]
[EventCountry "GER"]
[EventRounds "11"]
[EventType "swiss"]
[EventDate "2018.05.19"]

1. e4 e5 2. Nf3 Nc6 3. Bc4 Nf6 4. d3 Be7 5. Nc3 d6 6. h3 Na5 7. Bb3 Nxb3 8.
axb3 Be6 9. Be3 O-O 10. O-O d5 11. exd5 Nxd5 12. Nxd5 Qxd5 13. Rxa7 Rxa7 14.
Bxa7 b6 15. Re1 f6 16. d4 e4 17. Nd2 f5 18. Nc4 Qb7 19. Ne5 Bf6 20. Bxb6 Qxb6
21. f4 exf3 22. Nxf3 Rd8 23. Kh1 Bf7 24. Qa1 Bxd4 25. Nxd4 Qxd4 26. Re7 Qd6 27.
Qe1 h6 28. Re5 Qd1 29. Kh2 Qxe1 30. Rxe1 Rd2 31. c4 Rxb2 32. Re3 Kf8 33. Kg3 g5
34. h4 f4+ 0-1

[Event "DEM U12w 2018"]
[Site "Willingen GER"]
[Date "2018.05.21"]
[Round "4"]
[White "Petersen, Sophie"]
[Black "Kanno, Clara Yumi"]
[Result "1-0"]
[Termination "normal"]
[Board "15"]
[WhiteElo "1431"]
[BlackElo "1073"]
[PlyCount "89"]
[WhiteFideId "16229380"]
[BlackFideId "16259661"]
[EventCountry "GER"]
[EventRounds "11"]
[EventType "swiss"]
[EventDate "2018.05.19"]

1. e4 e5 2. Nf3 Nc6 3. Bb5 Bc5 4. Bxc6 dxc6 5. O-O Nf6 6. d3 Qd6 7. Re1 h6 8.
Nbd2 O-O 9. Nf1 Bg4 10. h3 Be6 11. Ng3 Qd7 12. Be3 Rfe8 13. Qe2 b6 14. Nh4 Bxh3
15. f3 Be7 16. gxh3 Qxh3 17. Nhf5 g6 18. Nxh6+ Kf8 19. Qh2 Qxh2+ 20. Kxh2 Kg7
21. Rh1 Ng8 22. Kg2 Kf6 23. Ng4+ Ke6 24. Rad1 Rad8 25. d4 exd4 26. Bxd4 c5 27.
Bc3 Nf6 28. Ne3 Rd6 29. f4 Red8 30. Rxd6+ cxd6 31. f5+ gxf5 32. Nexf5 Rg8 33.
Re1 Nh5 34. Kf3 Nf6 35. e5 dxe5 36. Rxe5+ Kd7 37. Rxe7+ Kd8 38. Bxf6 a5 39.
Rxf7+ Kc8 40. Ne7+ Kb8 41. Nxg8 b5 42. Ne7 c4 43. Nd5 c3 44. Nb6 cxb2 45. Be5#
1-0

[Event "DEM U12w 2018"]
[Site "Willingen GER"]
[Date "2018.05.21"]
[Round "4"]
[White "von Rosen, Anna"]
[Black "Baltic, Sara"]
[Result "0-1"]
[Termination "normal"]
[Board "16"]
[WhiteElo "1395"]
[BlackElo "1432"]
[PlyCount "46"]
[WhiteFideId "12982997"]
[BlackFideId "16210409"]
[EventCountry "GER"]
[EventRounds "11"]
[EventType "swiss"]
[EventDate "2018.05.19"]

1. e4 e6 2. d3 d5 3. Nd2 Nf6 4. Ngf3 Bc5 5. g3 dxe4 6. dxe4 Ng4 7. Nd4 Nxf2 8.
Qf3 Qxd4 9. Nb3 Qxe4+ 10. Qxe4 Nxe4 11. Bd3 Nf2 12. Rf1 Nxd3+ 13. cxd3 Bb4+ 14.
Kd1 e5 15. a3 Bg4+ 16. Kc2 Be7 17. Re1 Bf6 18. Bf4 Nc6 19. d4 Bf5+ 20. Kc1 e4
21. g4 Bg6 22. Bxc7 Rc8 23. Bf4 Nxd4+ 0-1

[Event "DEM U12w 2018"]
[Site "Willingen GER"]
[Date "2018.05.21"]
[Round "4"]
[White "Ulrich, Helena Irene"]
[Black "Nguyen, Jenny Ha-Linh"]
[Result "1/2-1/2"]
[Termination "normal"]
[Board "18"]
[WhiteElo "1282"]
[BlackElo "1360"]
[PlyCount "44"]
[WhiteFideId "16256000"]
[BlackFideId "16209729"]
[EventCountry "GER"]
[EventRounds "11"]
[EventType "swiss"]
[EventDate "2018.05.19"]

1. e4 e6 2. d4 d5 3. exd5 exd5 4. c4 Nc6 5. Nf3 Bg4 6. Be3 Nf6 7. h3 Bh5 8. Nc3
Be7 9. Be2 Bxf3 10. Bxf3 dxc4 11. Be2 Nb4 12. Bxc4 Nbd5 13. Nxd5 Nxd5 14. Bxd5
Qxd5 15. O-O O-O 16. a3 Bf6 17. Rc1 c6 18. Qd3 Rad8 19. Rfd1 b6 20. Qc4 Qxc4
21. Rxc4 c5 22. Rd2 cxd4 1/2-1/2

[Event "DEM U12w 2018"]
[Site "Willingen GER"]
[Date "2018.05.21"]
[Round "4"]
[White "Alferova, Emily"]
[Black "Müller, Alina"]
[Result "1-0"]
[Termination "normal"]
[Board "19"]
[WhiteElo "1323"]
[BlackElo "1208"]
[PlyCount "99"]
[WhiteFideId "16265904"]
[BlackFideId "16265939"]
[EventCountry "GER"]
[EventRounds "11"]
[EventType "swiss"]
[EventDate "2018.05.19"]

1. e4 e6 2. d4 d5 3. Nc3 dxe4 4. Nxe4 Bd7 5. Nc3 Bc6 6. Nf3 Nd7 7. a3 Ngf6 8.
Bf4 Be7 9. Bd3 O-O 10. O-O Re8 11. b4 b6 12. h3 Bb7 13. Qe2 Nd5 14. Nxd5 Bxd5
15. c4 Bb7 16. Rfd1 Qc8 17. Ne5 Nxe5 18. Bxe5 Bd6 19. Bxd6 cxd6 20. Qc2 g6 21.
Re1 Qd8 22. Rad1 Qg5 23. Be4 Bxe4 24. Qxe4 Qf5 25. Qxf5 exf5 26. Rxe8+ Rxe8 27.
c5 dxc5 28. dxc5 bxc5 29. bxc5 Rc8 30. Rc1 Kf8 31. f4 Ke7 32. Kf2 Kd7 33. Ke3
Kc6 34. Kd4 Re8 35. Kd3 Re4 36. g3 Ra4 37. Rc3 f6 38. Kc2 Ra5 39. Kd3 Rxc5 40.
Rxc5+ Kxc5 41. Kc3 h6 42. g4 fxg4 43. hxg4 h5 44. f5 Kd6 45. fxg6 Ke7 46. gxh5
Kf8 47. Kd4 Kg7 48. Ke4 a6 49. a4 a5 50. Kf5 1-0

[Event "DEM U12w 2018"]
[Site "Willingen GER"]
[Date "2018.05.21"]
[Round "4"]
[White "Kumas, Alina"]
[Black "Alhassan, Jodi"]
[Result "1-0"]
[Termination "normal"]
[Board "20"]
[WhiteElo "1157"]
[BlackElo "1114"]
[PlyCount "115"]
[WhiteFideId "16235789"]
[BlackFideId "16250460"]
[EventCountry "GER"]
[EventRounds "11"]
[EventType "swiss"]
[EventDate "2018.05.19"]

1. e4 c5 2. Nf3 d6 3. d4 cxd4 4. Nxd4 Nf6 5. Nc3 a6 6. Be3 Nc6 7. f3 e5 8. Nb3
Be7 9. g4 Be6 10. Qd2 b5 11. O-O-O Bxb3 12. axb3 h6 13. Kb1 O-O 14. Rg1 Nh7 15.
Na2 Bg5 16. Bxg5 Nxg5 17. Rg3 Nd4 18. Be2 a5 19. h4 Nge6 20. c3 Nxb3 21. Qxd6
Qxd6 22. Rxd6 Rfb8 23. Rd7 b4 24. Rd6 Nf4 25. Bc4 Nc5 26. g5 hxg5 27. Rxg5 b3
28. Nc1 a4 29. Rxe5 Nfe6 30. f4 a3 31. Nd3 a2+ 32. Ka1 Nxd3 33. Rxd3 Nxf4 34.
Rd7 Ne6 35. Bxe6 fxe6 36. Rxe6 Rd8 37. Red6 Rxd7 38. Rxd7 Rf8 39. Rd1 Kh7 40.
c4 Kh6 41. c5 Kh5 42. Rh1 Kg4 43. c6 Rc8 44. Rc1 Kf4 45. Rc3 Kxe4 46. Rxb3 Rxc6
47. Rb4+ Kf5 48. Kxa2 Ra6+ 49. Kb3 Rc6 50. Rb7 g5 51. Rb5+ Kg4 52. hxg5 Rg6 53.
Kc4 Rxg5 54. Rxg5+ Kxg5 55. Kc5 Kf6 56. Kc6 Ke5 57. b4 Kd4 58. b5 1-0

[Event "DEM U12w 2018"]
[Site "Willingen GER"]
[Date "2018.05.22"]
[Round "5"]
[White "Wagner, Margarethe"]
[Black "Zhou, Lepu Coco"]
[Result "0-1"]
[Termination "normal"]
[Board "1"]
[WhiteElo "1515"]
[BlackElo "1720"]
[WhiteClock "00:12:37"]
[BlackClock "00:34:50"]
[PlyCount "118"]
[WhiteFideId "16236947"]
[BlackFideId "16217136"]
[EventCountry "GER"]
[EventRounds "11"]
[EventType "swiss"]
[EventDate "2018.05.19"]

1. e4 {[%clk 1:15:59]} 1... e5 {[%clk 1:15:57]} 2. Nf3 {[%clk 1:16:21]} 2...
Nc6 {[%clk 1:16:22]} 3. Bc4 {[%clk 1:16:42]} 3... Nf6 {[%clk 1:16:47]} 4. d3 {
[%clk 1:17:01]} 4... Be7 {[%clk 1:17:11]} 5. O-O {[%clk 1:17:04]} 5... O-O {
[%clk 1:17:38]} 6. a4 {[%clk 1:17:17]} 6... d6 {[%clk 1:17:29]} 7. c3 { [%clk
1:17:01]} 7... Be6 {[%clk 1:17:52]} 8. Nbd2 {[%clk 1:17:19]} 8... d5 { [%clk
1:16:40]} 9. exd5 {[%clk 1:11:56]} 9... Bxd5 {[%clk 1:16:13]} 10. Re1 { [%clk
1:09:34]} 10... Bxc4 {[%clk 1:13:45]} 11. Nxc4 {[%clk 1:09:47]} 11... e4 {[%clk
1:08:15]} 12. dxe4 {[%clk 1:09:03]} 12... Qxd1 {[%clk 1:08:38]} 13. Rxd1 {[%clk
1:09:27]} 13... Nxe4 {[%clk 1:09:00]} 14. Bf4 {[%clk 1:03:03]} 14... Bc5 {[%clk
1:02:50]} 15. Ne3 {[%clk 0:55:50]} 15... Rac8 {[%clk 0:59:14]} 16. Rd7 { [%clk
0:52:02]} 16... Bb6 {[%clk 0:54:32]} 17. h3 {[%clk 0:45:58]} 17... h6 { [%clk
0:54:14]} 18. Rd3 {[%clk 0:44:11]} 18... g5 {[%clk 0:53:58]} 19. Bh2 { [%clk
0:44:20]} 19... f5 {[%clk 0:54:03]} 20. Nd4 {[%clk 0:42:37]} 20... Nxd4 { [%clk
0:51:07]} 21. cxd4 {[%clk 0:42:59]} 21... Rcd8 {[%clk 0:48:42]} 22. Rad1 {[%clk
0:40:30]} 22... Rf7 {[%clk 0:43:42]} 23. Nc4 {[%clk 0:39:54]} 23... Rfd7 {[%clk
0:41:42]} 24. Nxb6 {[%clk 0:36:41]} 24... cxb6 {[%clk 0:39:41]} 25. Be5 {[%clk
0:31:27]} 25... Rd5 {[%clk 0:39:24]} 26. b4 {[%clk 0:30:23]} 26... a5 { [%clk
0:39:45]} 27. Bc7 {[%clk 0:28:06]} 27... Ra8 {[%clk 0:40:03]} 28. b5 { [%clk
0:26:09]} 28... Rc8 {[%clk 0:37:15]} 29. Bxb6 {[%clk 0:25:35]} 29... Rc4 {[%clk
0:37:21]} 30. Ra1 {[%clk 0:20:03]} 30... Nc3 {[%clk 0:36:35]} 31. Bxa5 { [%clk
0:20:10]} 31... Nxa4 {[%clk 0:36:58]} 32. Rb1 {[%clk 0:17:18]} 32... Rcxd4
{[%clk 0:36:34]} 33. Rxd4 {[%clk 0:17:22]} 33... Rxd4 {[%clk 0:36:59]} 34. Rb4
{[%clk 0:17:32]} 34... Rxb4 {[%clk 0:36:29]} 35. Bxb4 {[%clk 0:17:59]} 35...
Kf7 {[%clk 0:36:51]} 36. Kf1 {[%clk 0:18:03]} 36... Ke6 {[%clk 0:37:13]} 37.
Ke2 {[%clk 0:18:19]} 37... Kd5 {[%clk 0:37:26]} 38. Kd3 {[%clk 0:17:55]} 38...
Nc5+ {[%clk 0:37:41]} 39. Kc2 {[%clk 0:16:35]} 39... Kc4 {[%clk 0:37:30]} 40.
Bc3 {[%clk 0:14:56]} 40... Kxb5 {[%clk 0:37:33]} 41. Bg7 {[%clk 0:15:20]} 41...
h5 {[%clk 0:37:54]} 42. Bf6 {[%clk 0:15:41]} 42... Ne4 {[%clk 0:36:49]} 43. Be7
{[%clk 0:15:40]} 43... g4 {[%clk 0:37:11]} 44. hxg4 {[%clk 0:15:35]} 44... fxg4
{[%clk 0:35:41]} 45. Bh4 {[%clk 0:15:34]} 45... Kc4 {[%clk 0:36:01]} 46. f3
{[%clk 0:15:20]} 46... gxf3 {[%clk 0:36:24]} 47. gxf3 {[%clk 0:15:46]} 47...
Nd6 {[%clk 0:36:40]} 48. Kd2 {[%clk 0:15:38]} 48... Nf5 {[%clk 0:37:05]} 49.
Bf6 {[%clk 0:15:22]} 49... h4 {[%clk 0:37:17]} 50. Ke2 {[%clk 0:15:29]} 50...
b5 {[%clk 0:36:44]} 51. f4 {[%clk 0:15:00]} 51... b4 {[%clk 0:37:06]} 52. Kf3
{[%clk 0:15:09]} 52... b3 {[%clk 0:37:29]} 53. Bb2 {[%clk 0:15:12]} 53... Kd3
{[%clk 0:36:55]} 54. Kg4 {[%clk 0:15:06]} 54... Ke2 {[%clk 0:35:59]} 55. Be5
{[%clk 0:13:16]} 55... Kf1 {[%clk 0:36:08]} 56. Kh3 {[%clk 0:12:36]} 56... Kf2
{[%clk 0:35:54]} 57. Bb2 {[%clk 0:12:21]} 57... Kf3 {[%clk 0:34:08]} 58. Be5
{[%clk 0:12:40]} 58... Ke4 {[%clk 0:34:33]} 59. Kg4 {[%clk 0:12:37]} 59... Nd4
{[%clk 0:34:50]} 0-1

[Event "DEM U12w 2018"]
[Site "Willingen GER"]
[Date "2018.05.22"]
[Round "5"]
[White "Bashylina, Luisa"]
[Black "Hentschel, Lena"]
[Result "1-0"]
[Termination "normal"]
[Board "2"]
[WhiteElo "1764"]
[BlackElo "1466"]
[WhiteClock "00:47:30"]
[BlackClock "00:02:57"]
[PlyCount "61"]
[WhiteFideId "12983292"]
[BlackFideId "16240324"]
[EventCountry "GER"]
[EventRounds "11"]
[EventType "swiss"]
[EventDate "2018.05.19"]

1. e4 e5 2. Nf3 Nc6 3. d4 exd4 4. Nxd4 Bc5 5. Be3 Qf6 6. c3 Nge7 7. Bc4 Ne5 8.
Be2 Qg6 9. O-O d6 10. f4 N5c6 11. Nd2 O-O 12. Rf3 f5 13. Bd3 Qf6 14. Nc2 Bxe3+
15. Nxe3 fxe4 16. Nxe4 Qh6 17. Ng5 g6 18. Bc4+ Kg7 19. Be6 Rxf4 20. Rxf4 Qxg5
21. Rf7+ Kh8 22. Rf8+ Kg7 23. Qf3 Ne5 24. Qf2 a6 25. h4 Qh5 26. Qf6+ Kh6 27.
Qxe7 Bxe6 28. Qg5+ Qxg5 29. hxg5+ Kxg5 30. Rxa8 Kf6 31. Ra7 1-0

[Event "DEM U12w 2018"]
[Site "Willingen GER"]
[Date "2018.05.22"]
[Round "5"]
[White "Wörz, Ann-Sophie"]
[Black "Butenandt, Svenja"]
[Result "1-0"]
[Termination "normal"]
[Board "3"]
[WhiteElo "1433"]
[BlackElo "1730"]
[WhiteClock "00:15:50"]
[BlackClock "00:01:57"]
[PlyCount "73"]
[WhiteFideId "16265890"]
[BlackFideId "12993859"]
[EventCountry "GER"]
[EventRounds "11"]
[EventType "swiss"]
[EventDate "2018.05.19"]

1. e4 {[%clk 1:15:58]} 1... c5 {[%clk 1:15:56]} 2. Nf3 {[%clk 1:16:23]} 2... e6
{[%clk 1:16:20]} 3. d4 {[%clk 1:16:48]} 3... cxd4 {[%clk 1:16:47]} 4. Nxd4 {
[%clk 1:17:13]} 4... Nf6 {[%clk 1:17:10]} 5. Nc3 {[%clk 1:17:38]} 5... d6 {
[%clk 1:17:36]} 6. Bc4 {[%clk 1:17:59]} 6... a6 {[%clk 1:17:44]} 7. a4 { [%clk
1:17:23]} 7... b6 {[%clk 1:17:06]} 8. O-O {[%clk 1:16:31]} 8... Bb7 { [%clk
1:16:27]} 9. Re1 {[%clk 1:16:03]} 9... Be7 {[%clk 1:15:52]} 10. Bd2 { [%clk
1:11:28]} 10... Qc8 {[%clk 1:07:32]} 11. Bd3 {[%clk 1:04:05]} 11... O-O { [%clk
1:05:48]} 12. Re3 {[%clk 1:02:28]} 12... Nbd7 {[%clk 1:02:15]} 13. Qe2 { [%clk
1:01:22]} 13... Qc7 {[%clk 0:56:12]} 14. Rg3 {[%clk 0:58:54]} 14... Rfc8 {[%clk
0:53:45]} 15. f4 {[%clk 0:52:29]} 15... Bf8 {[%clk 0:46:12]} 16. Re1 { [%clk
0:49:35]} 16... Kh8 {[%clk 0:38:28]} 17. Rh3 {[%clk 0:42:24]} 17... g6 { [%clk
0:33:59]} 18. Rf1 {[%clk 0:38:50]} 18... Bg7 {[%clk 0:30:09]} 19. Nf3 { [%clk
0:36:06]} 19... Kg8 {[%clk 0:21:11]} 20. Be1 {[%clk 0:28:26]} 20... Nh5 { [%clk
0:18:30]} 21. Bg3 {[%clk 0:26:26]} 21... Nxg3 {[%clk 0:14:59]} 22. Rxg3 { [%clk
0:26:47]} 22... Bxc3 {[%clk 0:13:35]} 23. bxc3 {[%clk 0:27:02]} 23... Qxc3
{[%clk 0:13:48]} 24. Ng5 {[%clk 0:26:23]} 24... h6 {[%clk 0:10:37]} 25. Nh3
{[%clk 0:25:07]} 25... Nc5 {[%clk 0:09:33]} 26. f5 {[%clk 0:22:02]} 26... Qd4+
{[%clk 0:07:50]} 27. Kh1 {[%clk 0:21:12]} 27... Bxe4 {[%clk 0:03:14]} 28. Bxe4
{[%clk 0:20:20]} 28... Qxe4 {[%clk 0:03:26]} 29. Re3 {[%clk 0:20:00]} 29... Qd5
{[%clk 0:02:49]} 30. fxg6 {[%clk 0:18:19]} 30... fxg6 {[%clk 0:03:01] } 31. Nf4
{[%clk 0:17:37]} 31... Qg5 {[%clk 0:01:56]} 32. Rg3 {[%clk 0:16:57]} 32... Qe5
{[%clk 0:01:01]} 33. Qxe5 {[%clk 0:16:17]} 33... dxe5 {[%clk 0:01:26] } 34.
Nxg6 {[%clk 0:16:26]} 34... Kh7 {[%clk 0:01:06]} 35. Rf7+ {[%clk 0:16:12] }
35... Kg8 {[%clk 0:01:32]} 36. Nxe5+ {[%clk 0:16:15]} 36... Kh8 { [%clk
0:01:57]} 37. Rgg7 {[%clk 0:15:50]} 1-0

[Event "DEM U12w 2018"]
[Site "Willingen GER"]
[Date "2018.05.22"]
[Round "5"]
[White "Keymer, Cecilia"]
[Black "Schulz, Hannah"]
[Result "1/2-1/2"]
[Termination "normal"]
[Board "4"]
[WhiteElo "1423"]
[BlackElo "1651"]
[WhiteClock "00:06:30"]
[BlackClock "00:08:24"]
[PlyCount "79"]
[WhiteFideId "16233468"]
[BlackFideId "16244745"]
[EventCountry "GER"]
[EventRounds "11"]
[EventType "swiss"]
[EventDate "2018.05.19"]

1. d4 {[%clk 1:15:58]} 1... d5 {[%clk 1:15:56]} 2. c4 {[%clk 1:16:24]} 2... e6
{[%clk 1:16:23]} 3. Nc3 {[%clk 1:16:43]} 3... Nf6 {[%clk 1:16:48]} 4. cxd5 {
[%clk 1:17:07]} 4... exd5 {[%clk 1:17:14]} 5. Bg5 {[%clk 1:17:26]} 5... Nbd7 {
[%clk 1:17:35]} 6. e3 {[%clk 1:16:37]} 6... c6 {[%clk 1:17:32]} 7. Bd3 { [%clk
1:15:49]} 7... Be7 {[%clk 1:17:45]} 8. Nge2 {[%clk 1:15:14]} 8... Nh5 { [%clk
1:17:36]} 9. Bxe7 {[%clk 1:12:59]} 9... Qxe7 {[%clk 1:17:55]} 10. Qc2 { [%clk
1:08:43]} 10... g6 {[%clk 1:18:03]} 11. Ng3 {[%clk 1:04:30]} 11... Nf4 { [%clk
1:15:32]} 12. O-O {[%clk 1:01:58]} 12... Nxd3 {[%clk 1:14:33]} 13. Qxd3 { [%clk
1:02:16]} 13... O-O {[%clk 1:14:50]} 14. Nce2 {[%clk 0:52:56]} 14... f5 { [%clk
1:12:26]} 15. Nf4 {[%clk 0:50:49]} 15... Nf6 {[%clk 1:10:13]} 16. Rab1 { [%clk
0:46:16]} 16... Nd7 {[%clk 1:07:18]} 17. Rfc1 {[%clk 0:43:31]} 17... a5 { [%clk
0:58:01]} 18. a3 {[%clk 0:37:25]} 18... a4 {[%clk 0:54:30]} 19. b4 { [%clk
0:34:06]} 19... axb3 {[%clk 0:53:45]} 20. Rxb3 {[%clk 0:34:09]} 20... Nf6
{[%clk 0:44:09]} 21. f3 {[%clk 0:32:21]} 21... Ne8 {[%clk 0:39:53]} 22. Nf1 {
[%clk 0:28:09]} 22... Nd6 {[%clk 0:38:31]} 23. Nd2 {[%clk 0:28:22]} 23... Nb5 {
[%clk 0:36:58]} 24. Ra1 {[%clk 0:28:11]} 24... Nc7 {[%clk 0:30:13]} 25. Rc1 {
[%clk 0:24:48]} 25... Ne6 {[%clk 0:29:04]} 26. Nxe6 {[%clk 0:24:34]} 26... Qxe6
{[%clk 0:29:28]} 27. f4 {[%clk 0:23:49]} 27... Kh8 {[%clk 0:26:44]} 28. Nf3 {
[%clk 0:22:56]} 28... Rg8 {[%clk 0:26:16]} 29. Ne5 {[%clk 0:18:47]} 29... Qe7 {
[%clk 0:24:51]} 30. g3 {[%clk 0:15:27]} 30... g5 {[%clk 0:22:37]} 31. Kf2 {
[%clk 0:12:47]} 31... Be6 {[%clk 0:19:49]} 32. Rcb1 {[%clk 0:12:01]} 32... Bc8
{[%clk 0:19:26]} 33. Rc1 {[%clk 0:10:39]} 33... g4 {[%clk 0:18:27]} 34. Qc3 {
[%clk 0:09:33]} 34... Rf8 {[%clk 0:14:52]} 35. Qc5 {[%clk 0:08:35]} 35... Qxc5
{[%clk 0:11:53]} 36. Rxc5 {[%clk 0:08:21]} 36... Kg7 {[%clk 0:10:39]} 37. Rc1 {
[%clk 0:07:41]} 37... Rh8 {[%clk 0:09:23]} 38. Rh1 {[%clk 0:07:13]} 38... h5 {
[%clk 0:09:16]} 39. h4 {[%clk 0:07:00]} 39... Kf6 {[%clk 0:08:24]} 40. Rc1 {
[%clk 0:06:30]} 1/2-1/2

[Event "DEM U12w 2018"]
[Site "Willingen GER"]
[Date "2018.05.22"]
[Round "5"]
[White "Fischer, Darja"]
[Black "Werner, Rosalie"]
[Result "0-1"]
[Termination "normal"]
[Board "5"]
[WhiteElo "1292"]
[BlackElo "1575"]
[WhiteClock "00:01:01"]
[BlackClock "00:06:24"]
[PlyCount "104"]
[WhiteFideId "16240898"]
[BlackFideId "16223748"]
[EventCountry "GER"]
[EventRounds "11"]
[EventType "swiss"]
[EventDate "2018.05.19"]

1. e4 {[%clk 1:15:58]} 1... e5 {[%clk 1:15:53]} 2. Nf3 {[%clk 1:16:23]} 2...
Nc6 {[%clk 1:16:19]} 3. Nc3 {[%clk 1:16:45]} 3... Nf6 {[%clk 1:16:42]} 4. Bb5 {
[%clk 1:16:52]} 4... Bd6 {[%clk 1:17:08]} 5. O-O {[%clk 1:16:31]} 5... O-O {
[%clk 1:17:22]} 6. d3 {[%clk 1:16:35]} 6... h6 {[%clk 1:17:46]} 7. Be3 { [%clk
1:15:40]} 7... Re8 {[%clk 1:18:02]} 8. h3 {[%clk 1:14:33]} 8... Bf8 { [%clk
1:17:54]} 9. Re1 {[%clk 1:09:02]} 9... d5 {[%clk 1:11:10]} 10. exd5 { [%clk
1:08:09]} 10... Nxd5 {[%clk 1:07:13]} 11. Nxd5 {[%clk 1:04:53]} 11... Qxd5
{[%clk 1:05:31]} 12. Bc4 {[%clk 1:04:48]} 12... Qd6 {[%clk 1:01:43]} 13. Bf4
{[%clk 0:59:04]} 13... Bf5 {[%clk 0:55:43]} 14. Bg3 {[%clk 0:57:07]} 14... Qf6
{[%clk 0:49:50]} 15. Bd5 {[%clk 0:47:48]} 15... Bd6 {[%clk 0:45:50]} 16. c3
{[%clk 0:37:54]} 16... Rab8 {[%clk 0:38:15]} 17. Qe2 {[%clk 0:35:31]} 17... Ne7
{[%clk 0:21:01]} 18. Be4 {[%clk 0:29:25]} 18... Ng6 {[%clk 0:16:16]} 19. Bxf5 {
[%clk 0:28:33]} 19... Qxf5 {[%clk 0:15:55]} 20. Qe4 {[%clk 0:28:40]} 20... Qxe4
21. Rxe4 {[%clk 0:28:36]} 21... f6 {[%clk 0:15:37]} 22. Rae1 {[%clk 0:28:44]}
22... Kf7 {[%clk 0:14:05]} 23. d4 {[%clk 0:26:34]} 23... f5 {[%clk 0:11:20]}
24. R4e2 {[%clk 0:26:18]} 24... e4 {[%clk 0:11:16]} 25. Bxd6 {[%clk 0:25:16]}
25... cxd6 {[%clk 0:11:35]} 26. Nd2 {[%clk 0:22:30]} 26... Nf4 {[%clk 0:11:48]}
27. Re3 {[%clk 0:22:45]} 27... Nd3 {[%clk 0:12:00]} 28. Rb1 {[%clk 0:22:43]}
28... d5 {[%clk 0:10:57]} 29. c4 {[%clk 0:18:47]} 29... Rbd8 {[%clk 0:09:13]}
30. c5 {[%clk 0:17:18]} 30... Re7 {[%clk 0:07:47]} 31. g3 {[%clk 0:13:23]}
31... g5 {[%clk 0:07:18]} 32. Nb3 {[%clk 0:10:50]} 32... Nb4 {[%clk 0:06:29]}
33. a3 {[%clk 0:10:28]} 33... Nc2 {[%clk 0:06:51]} 34. Re2 {[%clk 0:10:39]}
34... Nxd4 {[%clk 0:04:20]} 35. Nxd4 {[%clk 0:11:02]} 35... Kf6 {[%clk 0:04:17]
} 36. Rc1 {[%clk 0:09:53]} 36... Rc8 {[%clk 0:03:59]} 37. b4 {[%clk 0:08:57]}
37... a6 {[%clk 0:04:05]} 38. Rec2 {[%clk 0:06:59]} 38... Ke5 {[%clk 0:03:24]}
39. Rd2 {[%clk 0:06:23]} 39... f4 {[%clk 0:01:54]} 40. Re1 {[%clk 0:05:48]}
40... Rcc7 {[%clk 0:01:31]} 41. Nb3 {[%clk 0:00:40]} 41... Red7 {[%clk 0:14:07]
} 42. Nd4 {[%clk 0:15:01]} 42... Kf6 {[%clk 0:12:26]} 43. Rc1 {[%clk 0:14:36]}
43... Ke5 {[%clk 0:10:02]} 44. Rcc2 {[%clk 0:13:17]} 44... e3 {[%clk 0:09:18]}
45. fxe3 {[%clk 0:13:38]} 45... fxe3 {[%clk 0:09:40]} 46. Rd1 {[%clk 0:13:31]}
46... Ke4 {[%clk 0:09:14]} 47. c6 {[%clk 0:12:58]} 47... bxc6 {[%clk 0:09:08]}
48. Nxc6 {[%clk 0:10:56]} 48... Rd6 {[%clk 0:06:55]} 49. Nd4 {[%clk 0:10:02]}
49... Rxc2 {[%clk 0:07:17]} 50. Nxc2 {[%clk 0:10:00]} 50... d4 {[%clk 0:07:30]}
51. Na1 {[%clk 0:01:21]} 51... d3 {[%clk 0:06:49]} 52. Nb3 {[%clk 0:01:01]}
52... e2 {[%clk 0:06:24]} 0-1